000
00357nam a2200157Ia 4500
008
151213s9999 xx 000 0 und d
100
_a
Mankiw
245
_a
Macro Economics
_c
Mankiw
250
_a
5th
260
_a
New York
_b
Worth Publisher
_c
2005
300
_a
4228 p.
650
_a
Economics
650
_a
Economics
700
_a
Mankiw
999
_c
2652
_d
2652